Moments : la revista del nostre temps la revista del nostre temps
Descripción Física:
1 vol., 78 pàgs. ; 34 cm ; il·lustracions en blanc i negre i alguna en color ; periodicitat desconeguda
MARC
| LEADER | 00000nas a2200000 a 4500 | ||
|---|---|---|---|
| 001 | 28111 | ||
| 003 | AGDB | ||
| 005 | 20260324180155.0 | ||
| 008 | 160829s1936-1938 xx 000 0 cat d | ||
| 040 | |a agdb |b cat | ||
| 245 | |a Moments : |b la revista del nostre temps | ||
| 260 | |a Barcelona : |b La Casa dels secretaris : |b Elzeviriana ; |c 1936-1938 | ||
| 300 | |a 1 vol., 78 pàgs. ; |c 34 cm ; |b il·lustracions en blanc i negre i alguna en color ; periodicitat desconeguda | ||
| 362 | |a Núm. 1 (12 desembre 1936) - núm. 11 (1938) | ||
| 500 | |a Descripció basada en: núm. 11 (1938). | ||
| 500 | |a El núm. 11 prové de Q-330, exp. 154 | ||
| 650 | |a Literatura catalana |x Revistes |9 47561 | ||
| 650 | 0 | |a Fets diversos |9 69858 |z Catalunya |v Revistes | |
| 650 | 0 | |a Història contemporània |9 69859 |v Revistes |y S. XX | |
| 655 | 0 | |9 55823 |a Revistes | |
| 866 | |a 1938 (11) | ||
| 901 | |a Arxiu | ||
| 942 | |n 1 |2 udc |c REV | ||
| 952 | |0 0 |1 0 |4 0 |6 REV2233 |7 1 |9 54632 |a Arxiu |b Arxiu |d 2023-08-01 |h Núm. 11 (1938) |o Rev-2233 |p 28111 |r 2016-12-01 00:00:00 |w 2016-12-01 |y ARXIU | ||
| 999 | |c 58501 |d 58501 | ||